Language Quiz

Random Language or Letter Quiz
Score 0/25 Timer 06:00
13 Plays Today
% Correct
gallery
96.7%
globe
96.6%
grenade
96.6%
gasoline
96.5%
gladiator
96.5%
graffiti
96.3%
glacier
96.2%
granola
96.1%
guacamole
96.1%
guesstimate
96%
gazelle
95.7%
gullible
95.6%
guarantee
95.5%
% Correct
guava
95.2%
gland
94.7%
gerbil
94.5%
gill
94.1%
grindstone
93.2%
gong
93%
gavel
92.1%
gimmick
91.8%
guile
90.6%
gadget
90.6%
giddy
90.3%
grovel
87%
Remove Ads.
Support Sporcle.
Get the best of Sporcle when you Go Orange. This ad-free experience offers more features, more stats, and more fun while also helping to support Sporcle. Thank you for becoming a member.

You're not logged in!

Compare scores with friends on all Sporcle quizzes.
OR
Log In

Show Comments

Extras

Top Quizzes Today


Score Distribution

Your Account Isn't Verified!

In order to create a playlist on Sporcle, you need to verify the email address you used during registration. Go to your Sporcle Settings to finish the process.

Report this User

Report this user for behavior that violates our Community Guidelines.

Details: